Kpop Artist by Song Quiz - Statistics

General Stats
  • This quiz has been taken 875 times
  • The average score is 8 of 20
Answer Stats
Song Artist % Correct
Spring Day BTS
99%
Mansae Seventeen
77%
Haru Haru Big Bang
75%
Stop Stop It Got7
65%
Whatta Man I.O.I
60%
Bonamana Super Junior
57%
Gorilla Pentagon
46%
Lonely 2ne1
45%
Twenty Three IU
42%
I'm Jelly Baby AOA CREAM
35%
Hey Mama Exo-CBX
34%
Doom Dada T.O.P.
34%
Fantasy VIXX
34%
Skydive B.A.P.
33%
Ring My Bell Girls Day
29%
Freeze Block B
22%
I Got Love Taeyeon
20%
Yey Beast
17%
Cider Yezi
6%
The Song Zion.T
3%
No matching quizzes found
Score Distribution
Percent of People with Each Score
Percentile by Number Answered
Your Score History
You have not taken this quiz